000 00332nam a2200145Ia 4500
100 _aSeth/ Yogesh
942 _cBK
654 _aBorland C++.windows 3.1
245 _aVijay Mukhis Borland C++ 4.0 under Windows 3.1
260 _bJaico
_aBombay
_c1994
082 _a005.13 'U'
300 _a929
546 _aENGLISH
999 _c28852
_d28852